[Event "CD Meyer Gedenkturnier 2020"]
[Site "Bremen"]
[Date "2020.10.17"]
[Round "8.7"]
[White "Johansson, Linus"]
[Black "Zwirs, Nico"]
[Result "1/2-1/2"]
[WhiteElo "2492"]
[BlackElo "2453"]
[Annotator "TA"]
[PlyCount "49"]
[EventDate "2020.10.10"]
[EventType "swiss"]
[EventCountry "GER"]
[SourceTitle "playchess.com"]
[Source "ChessBase"]
[SourceQuality "1"]

{[%evp 15,49,21,22,0,0,-5,6,0,-3,-3,1,-48,11,0,4,1,1,2,3,3,0,0,0,3,47,39,38,28,26,32,30,0,25,0,21,0]} 1. Nf3 d5 2. g3 Nf6 3. Bg2 c5 4. O-O g6 5. d4 cxd4 6. Nxd4 Bg7 7. Nb3 O-O {7...Nc6 might become the main line. Played by Viswanathan Anand in July 2020.} 8. Nc3 e6 9. a4 {A49: 1 d4 Nf6 2 Nf3 g6 3 g3: Anti-King's Indian systems.} Nc6 10. a5 {[#]} d4 $146 ({Predecessor:} 10... h6 11. Be3 Re8 12. Qc1 Kh7 13. Rd1 Nd7 14. Bf4 a6 15. h4 e5 16. Bd2 d4 {½-½ (47) Ding,L (2791)-Anand,V (2753) chess24.com INT 2020}) 11. Nb5 {[%cal Rb5d4]} e5 12. a6 Rb8 13. e3 {[%cal Re3d4]} bxa6 ({Black should try} 13... Qb6 $15 14. Nd6 Bg4) 14. N5xd4 Nb4 15. c3 exd4 16. cxb4 dxe3 17. Bxe3 Qxd1 18. Rfxd1 Rxb4 19. Na5 Rxb2 20. Bc5 $1 Be6 21. Bxf8 Bxf8 22. Rdb1 Rd2 {White should prevent ...Bc5.} 23. Rd1 Rb2 24. Rdb1 Rd2 {Threatening ...Bc5.} 25. Rd1 {Av CentiPawn Loss W=-8/B=-9. Weighted=-11/-11} 1/2-1/2

[Event "CD Meyer Gedenkturnier 2020"]
[Site "Bremen"]
[Date "2020.10.17"]
[Round "8.8"]
[White "Sreyas Payyappat"]
[Black "Pajeken, Jakob Leon"]
[Result "1/2-1/2"]
[WhiteElo "2144"]
[BlackElo "2332"]
[Annotator "TA"]
[PlyCount "63"]
[EventDate "2020.10.10"]
[EventType "swiss"]
[EventCountry "GER"]
[SourceTitle "playchess.com"]
[Source "ChessBase"]
[SourceQuality "1"]

{[%evp 17,63,7,7,4,6,8,15,0,17,3,6,12,13,8,10,10,10,10,10,10,24,10,10,10,10,10,12,5,20,13,45,44,47,12,15,15,19,21,18,20,26,18,22,0,21,0,27,0]} 1. e4 e5 2. Nf3 Nc6 3. Bc4 Bc5 4. c3 Nf6 5. d4 exd4 6. e5 d5 7. Bb5 Ne4 8. cxd4 Bb6 9. Nc3 O-O 10. Be3 {C54: Giuoco Piano: 4 c3 Nf6, main lines with 5 d4 and 5 d3.} Bg4 11. h3 Bh5 12. Qc2 {The position is equal.} Bg6 {[#] And now ...Nxc3 would win.} 13. Qb3 Ne7 14. Nh4 c5 15. Nxg6 hxg6 16. dxc5 $1 Nxc5 17. Bxc5 Bxc5 18. O-O Bd4 19. Rad1 Bxe5 20. Nxd5 Nxd5 21. Rxd5 Qf6 {[#]} 22. Bd7 $146 ({Predecessor:} 22. Rfd1 Rac8 23. Qe3 Bxb2 24. Qxa7 b6 25. Qa4 Rfd8 26. Bc4 Rxd5 27. Bxd5 Be5 28. g3 {½-½ (35) Ivanchuk,V (2731)-Kramnik,V (2793) Antalya 2013}) 22... b6 23. Rfd1 Rad8 24. R1d2 Bf4 25. Re2 Bd6 26. Qb5 Qf4 {[#] ( -> ...Qh2+)} 27. g3 Qc1+ 28. Kg2 Qc7 29. Bg4 Bc5 30. Bd7 Bd6 31. Bg4 Bc5 32. Bd7 {Av CentiPawn Loss W=-5/B=-7. Weighted=-4/-7} 1/2-1/2

[Event "CD Meyer Gedenkturnier 2020"]
[Site "Bremen"]
[Date "2020.10.17"]
[Round "8.9"]
[White "Coll Ortega, Jordi"]
[Black "Lubbe, Melanie"]
[Result "0-1"]
[WhiteElo "2268"]
[BlackElo "2254"]
[Annotator "TA"]
[PlyCount "90"]
[EventDate "2020.10.10"]
[EventType "swiss"]
[EventCountry "GER"]
[SourceTitle "playchess.com"]
[Source "ChessBase"]
[SourceQuality "1"]

{[%evp 13,90,43,29,20,17,22,12,-6,14,-8,0,0,0,0,34,31,31,-38,-48,-37,-43,-41,0,-4,-12,-16,0,-27,-31,-122,-113,-114,-122,-132,-130,-126,-107,-298,-186,-211,-199,-296,-238,-286,-163,-432,-407,-536,-533,-532,-526,-508,-373,-373,-368,-323,-354,-383,-376,-686,-682,-845,-837,-910,-827,-951,-895,-1725,-1721,-1663,-1457,-6170,-5477,-29985,-29986,-29986,-29987,-29986,-29986]} 1. e4 e5 2. Nf3 Nc6 3. Bc4 Nf6 4. d3 Be7 5. O-O O-O 6. a4 d5 7. exd5 Nxd5 8. h3 {C55: Two Knights: 4 d3, 4 d4 exd4 5 e5 and Max Lange Attack.} Kh8 9. Re1 f6 10. c3 {The position is equal.} Na5 11. Ba2 c5 $1 {[#]} 12. d4 $146 ({Predecessor:} 12. Na3 Nc6 13. Nc2 Bf5 14. Nh4 Be6 15. Qh5 Qe8 16. Qf3 Qd7 17. Qh5 Qe8 18. Qf3 {0-1 (46) Movsesian,S (2649)-Nguyen,T (2569) Prague 2020}) 12... cxd4 13. b4 Nc6 14. b5 Na5 15. Nxd4 (15. cxd4 $14 Nb4 16. Ba3 (16. dxe5 Qxd1 17. Rxd1 Nc2 $11)) 15... exd4 $15 16. Bxd5 $1 Qxd5 17. Rxe7 Nb3 18. Ra3 Nxc1 19. Qxc1 d3 20. c4 Qc5 21. Re3 ({White should play} 21. Qe3 $15 Qb4 22. Rxd3 (22. Ra1 $2 Qb2 $19) 22... Qxb1+ 23. Kh2) 21... Bf5 $17 22. Rc3 Rae8 23. Qe1 Rxe3 24. Qxe3 Qb4 25. Qc1 $2 {White does not recover from this.} (25. Rc1 $17) 25... Qxa4 26. Nd2 {[#]} Re8 $1 27. Nf1 (27. Ra3 $142 Qc2 28. Rc3) 27... Bg6 28. Ne3 Qb4 (28... Qa2 $142 29. Nf1 Re2) 29. Nd5 $2 (29. Qa3 Qxa3 30. Rxa3) 29... Qd6 $19 {And now ...Re2 would win.} 30. Qd1 Re2 31. Rb3 Qe5 32. Ne3 Ra2 {[#] Threatens to win with ...d2.} 33. Rxd3 Bxd3 34. Qxd3 {[%mdl 4096] Endgame White threatens Qd8+ and mate. KQR-KQN} Ra1+ 35. Nf1 {White wants to mate with Qd8+.} h6 36. g3 $2 (36. g4) 36... f5 37. g4 Qe4 38. Qxe4 fxe4 {KR-KN} 39. Kg2 Rc1 40. Ne3 a5 41. bxa6 bxa6 42. f3 a5 {[%cal Ba6a5,Ba5a4,Ba4a3][%mdl 32]} 43. fxe4 a4 {Black mates.} 44. e5 a3 45. e6 Kg8 {Av CentiPawn Loss W=-115/B=-41. Weighted=-80/-43} 0-1

[Event "CD Meyer Gedenkturnier 2020"]
[Site "Bremen"]
[Date "2020.10.17"]
[Round "8.10"]
[White "Steffens, Olaf"]
[Black "Lubbe, Nikolas"]
[Result "0-1"]
[WhiteElo "2171"]
[BlackElo "2443"]
[Annotator "TA"]
[PlyCount "48"]
[EventDate "2020.10.10"]
[EventType "swiss"]
[EventCountry "GER"]
[SourceTitle "playchess.com"]
[Source "ChessBase"]
[SourceQuality "1"]

{[%evp 9,48,-26,-30,-30,-35,-35,-32,-25,-11,-14,-23,-63,-60,-68,-42,-60,-43,-58,-58,-139,-135,-504,-520,-791,-250,-264,-261,-261,-263,-408,-341,-341,-340,-584,-578,-922,-950,-935,-896,-29991,-29992]} 1. b3 e5 2. e3 d5 3. Bb2 Bd6 4. c4 Nf6 5. Nf3 e4 6. Nd4 {[#] A01: Nimzowitsch-Larsen Opening.} dxc4 $146 ({Predecessor:} 6... O-O 7. cxd5 Bg4 8. Qc2 Nbd7 9. Nc3 Re8 10. d3 Bb4 11. dxe4 Nxe4 12. Bc4 Qg5 {1-0 (50) Morris,J (2457)-Brown,A (2232) Adelaide 2016}) 7. Bxc4 a6 8. a4 {Black is slightly better.} c5 9. Ne2 Nc6 10. Nbc3 O-O $36 {[%mdl 2048] Black has the initiative.} 11. Ng3 Re8 12. Qb1 {[%cal Rc3e4]} Bxg3 13. hxg3 Bf5 14. g4 (14. Ne2 $15) 14... Bxg4 $17 15. f3 $2 {[%mdl 8192] [#]} (15. d3 $17) 15... exf3 $19 16. Nd5 (16. gxf3 $142 Bxf3 17. Rf1) 16... f2+ $2 (16... Ne4 17. gxf3 Bxf3) 17. Kxf2 Ne4+ 18. Kg1 Nb4 {[%cal Bc6b4,Bb4d5,Bd5e3,Be3g4][%mdl 32]} 19. d3 (19. Nc3 {is a better defense.} Ng5 20. Qe1) 19... Nxd5 20. dxe4 Nxe3 {[#] White must now prevent ...Qd2.} 21. Bxf7+ $2 (21. e5 Bf5 22. Qe1) 21... Kxf7 22. Rxh7 Qd2 {[%csl Ge3][%cal Rd2g2]} 23. Rxg7+ Ke6 {[%csl Ge3][%cal Rd2g2]} 24. Rxg4 Nxg4 {White got outplayed after the opening. Av CentiPawn Loss W=-133/B=-34. Weighted=-139/-52} 0-1

[Event "CD Meyer Gedenkturnier 2020"]
[Site "Bremen"]
[Date "2020.10.17"]
[Round "8.11"]
[White "Rafiee, Makan"]
[Black "Papp, Sarah"]
[Result "1/2-1/2"]
[WhiteElo "2336"]
[BlackElo "2327"]
[Annotator "TA"]
[PlyCount "47"]
[EventDate "2020.10.10"]
[EventType "swiss"]
[EventCountry "GER"]
[SourceTitle "playchess.com"]
[Source "ChessBase"]
[SourceQuality "1"]

{[%evp 10,47,0,0,-2,-16,-16,0,3,-8,-1,-7,5,10,1,16,18,14,66,55,75,64,50,41,51,-11,-18,-10,-6,-22,22,15,22,25,29,13,17,19,24,27]} 1. e4 e6 2. d4 d5 3. Bd3 dxe4 4. Bxe4 Nf6 5. Bf3 c5 6. Ne2 Be7 {C01: French: Exchange Variation.} 7. Nbc3 {seems to push 7.0-0 aside.} O-O 8. Be3 Qa5 {[#] The position is equal.} 9. Nc1 $146 ({Predecessor:} 9. O-O Nc6 10. Qe1 cxd4 11. Nxd4 Ne5 12. Qe2 Nxf3+ 13. Qxf3 Bd7 14. Rfd1 Rfc8 15. h3 {½-½ (61) Tan,J (2513)-Howell,D (2697) Torquay 2019}) 9... Rd8 10. Nb3 Qc7 {[#] Hoping for ...cxd4.} 11. Qe2 {aiming for Nb5.} cxd4 12. Nb5 Qd7 13. Bxd4 Nc6 (13... a6 $1 $11 14. Nc3 Qc7) 14. O-O-O $14 {[#] Threatens to win with Bxf6.} Nxd4 15. Rxd4 Nd5 16. Bxd5 $1 exd5 17. Rhd1 ({Better is} 17. Nc3 $14 Re8 18. Qd2) 17... Re8 $1 $11 {Strongly threatening ...Bg5+.} 18. Qd3 Qc6 19. Nc3 Bf6 20. Rxd5 Be6 21. Nd4 Bxd4 22. Rxd4 Qxg2 23. Qg3 Qxg3 24. hxg3 {Av CentiPawn Loss W=-6/B=-7. Weighted=-7/-6} 1/2-1/2

[Event "CD Meyer Gedenkturnier 2020"]
[Site "Bremen"]
[Date "2020.10.18"]
[Round "9.1"]
[White "Wachinger, Nikolas"]
[Black "Donchenko, Alexander"]
[Result "1/2-1/2"]
[WhiteElo "2334"]
[BlackElo "2658"]
[Annotator "TA"]
[PlyCount "187"]
[EventDate "2020.10.10"]
[EventType "swiss"]
[EventCountry "GER"]
[SourceTitle "playchess.com"]
[Source "ChessBase"]
[SourceQuality "1"]

{[%evp 23,187,28,37,17,19,14,15,-147,-116,-241,0,0,0,0,0,0,52,47,70,67,53,50,45,36,47,-6,-9,0,13,13,14,0,16,24,20,0,8,0,0,0,0,-14,0,0,0,0,0,0,0,0,0,0,0,0,0,0,0,0,0,0,0,0,0,0,0,0,0,0,0,0,0,0,0,0,0,0,0,0,0,0,0,0,0,0,0,0,0,0,0,0,0,0,0,0,179,178,179,175,251,16,16,12,12,0,0,0,0,0,0,0,8,0,7,0,12,12,12,12,12,12,12,12,12,8,12,0,12,8,8,0,8,8,8,8,8,8,8,0,8,8,8,0,8,0,8,0,8,0,8,8,8,0,8,0,8,0,12,12,12,12,12,12,12,-8,-8,-8]} 1. e4 c5 2. Nf3 d6 3. d4 cxd4 4. Nxd4 Nf6 5. Nc3 a6 6. Be3 e5 7. Nb3 Be6 8. f3 Be7 9. Qd2 O-O 10. O-O-O Nbd7 11. g4 b5 12. g5 Nh5 {The modern move.} 13. Kb1 {B90: Sicilian Najdorf: Unusual White 6th moves, 6 Be3 Ng4 and 6 Be3 e5.} Nb6 14. Na5 {Black must now prevent Nc6.} Rc8 {[#]} 15. Ne2 $146 (15. a3 $11) ({Predecessor:} 15. a3 g6 16. h4 Ng3 17. Rg1 Nxf1 18. Rgxf1 Na4 19. Nxa4 bxa4 20. h5 Qd7 21. Rh1 {0-1 (68) Aronian,L (2772)-Carlsen,M (2870) Kolkata 2019}) 15... d5 $1 $17 16. c3 (16. Ng3 $17 {is the only way for White.} d4 17. Nxh5 dxe3 18. Qxd8 Rcxd8 19. Bd3) 16... b4 $2 (16... Qc7 $19 {Hoping for ...dxe4.} 17. Ng3 dxe4) 17. cxb4 $11 d4 {[#]} 18. Nxd4 $1 {[%mdl 512]} exd4 19. Qxd4 Bxb4 ({Don't play} 19... Qc7 $6 20. Rc1 $16) (19... Qe8 $1 $11 20. Bxa6 (20. Qxb6 $2 Bxa2+ {[%mdl 64] Decoy} 21. Kxa2 Qa4+ {[%mdl 64] Double Attack} 22. Kb1 Qxd1+ 23. Ka2 Rb8 $19) 20... Bxa2+ {[%mdl 64] Decoy} 21. Kxa2 (21. Ka1 $2 Qa4 $19) 21... Qa4+ 22. Kb1 Qc2+ 23. Ka2 Qa4+ 24. Kb1 Qc2+ 25. Ka2 Qa4+) 20. Qxd8 $14 Rcxd8 21. Rxd8 Rxd8 22. Nc6 Rd1+ 23. Kc2 {[#]} Nc4 $1 {[%cal Rc4e3][%mdl 512]} 24. Bc1 {[#]} ({Better is} 24. Kxd1 $14 Nxe3+ 25. Kc1) 24... Rxc1+ $1 $11 {[%mdl 512]} 25. Kxc1 Bd6 26. Bxc4 Bxc4 27. e5 Bc5 28. Kd2 {aiming for Rc1.} Bf8 ({Reject} 28... Bxa2 $6 29. b3 $1 $16 {[%mdl 512]}) 29. Ke3 Bxa2 30. Nd4 {Threatens to win with b3.} g6 31. Ra1 Bc4 $1 32. b3 Bb5 33. Rc1 Ng7 34. Rc8 Ne6 35. Nxe6 fxe6 36. f4 Kf7 37. Kd4 Bb4 38. Rc7+ Be7 39. Rc8 Bf1 40. Rb8 Bb5 41. Rh8 Kg7 42. Rb8 Bf8 43. Rb7+ Kg8 44. Rb8 Be2 45. b4 Kf7 46. Rb7+ Be7 47. Rb8 Bf3 48. Kc3 Bf8 49. Rb6 Be2 50. Rb7+ Be7 51. Rb8 Bb5 52. Ra8 Kg7 53. Ra7 Kf8 54. Ra8+ Kf7 55. Rb8 Be2 56. Ra8 Bf1 57. Rb8 Bg2 58. Rb6 a5 $2 (58... Bf1 $11) 59. bxa5 $18 Bc5 60. Rb8 Be3 {[#]} (60... Bf1 $142 61. Rb7+ Kf8) 61. a6 $2 ({White must play} 61. Kd3 $1 $18 {[%cal Rd3e3]} Ba7 62. Rc8 Bf1+ 63. Kd2) 61... Bxf4 $11 {The position is equal.} 62. a7 {Strongly threatening Kd4.} Bxh2 63. a8=Q Bxe5+ 64. Kd3 {Qa7+ would kill now.} Bxa8 65. Rxa8 {[%mdl 4096] Endgame KR-KB} Bf4 66. Ra7+ Kf8 67. Ra8+ Ke7 68. Ra7+ Kd6 69. Ke4 Bxg5 70. Rxh7 Bd8 71. Rg7 g5 72. Rg6 Be7 73. Rh6 Kd7 74. Rg6 Bd8 75. Ke5 Bc7+ 76. Ke4 Bf4 77. Rg7+ Kd6 78. Ra7 Bc1 79. Rb7 Bd2 80. Rg7 Kc6 81. Re7 $1 Kd6 82. Rg7 Bc1 83. Rb7 Bf4 84. Rg7 Bd2 85. Ra7 Bc3 86. Ra3 Bb2 87. Ra7 Bc3 88. Rb7 Be1 89. Rg7 Bh4 90. Kd4 e5+ 91. Ke4 Ke6 92. Rg6+ Kf7 93. Rxg5 Bxg5 94. Kxe5 {Av CentiPawn Loss W=-9/B=-9. Weighted=-16/-14} 1/2-1/2

[Event "CD Meyer Gedenkturnier 2020"]
[Site "Bremen"]
[Date "2020.10.18"]
[Round "9.2"]
[White "Papp, Gabor"]
[Black "Reuker, Jari"]
[Result "1/2-1/2"]
[WhiteElo "2602"]
[BlackElo "2399"]
[Annotator "TA"]
[PlyCount "176"]
[EventDate "2020.10.10"]
[EventType "swiss"]
[EventCountry "GER"]
[SourceTitle "playchess.com"]
[Source "ChessBase"]
[SourceQuality "1"]

{[%evp 18,176,2,0,24,9,17,11,22,26,26,26,33,20,22,9,0,5,29,2,0,0,4,2,2,2,2,6,2,11,17,10,18,18,23,23,27,28,48,59,86,87,126,114,119,119,124,120,125,113,114,101,96,93,93,97,104,104,120,120,109,131,115,92,94,100,87,80,84,54,35,-47,-51,-55,-55,-54,-29,-103,-103,-96,-29,-29,-29,-29,-29,-43,-43,-43,-29,-29,-29,-29,-29,-35,-36,-36,-36,-36,-36,-36,-42,-43,-43,-26,-22,-43,-43,-50,0,-57,-18,-18,-18,-18,-18,-18,0,-18,-18,-18,-18,-18,-8,-43,-16,-18,0,-43,-43,-43,-43,-36,-36,-36,-37,-50,-50,-50,-50,-50,-50,-50,-50,-50,-50,-50,-50,-50,-50,-50,-50,-50,-50,-50,-50,-50,-30,-30,-30,-30,-30]} 1. Nf3 d5 2. g3 Nf6 3. Bg2 e6 4. d4 Be7 5. c4 O-O 6. Nc3 dxc4 7. Ne5 c5 8. dxc5 Qxd1+ 9. Nxd1 Bxc5 10. O-O Nc6 {E06: Closed Catalan: Early deviations.} 11. Bxc6 bxc6 12. Be3 Bxe3 {The position is equal.} 13. Nxe3 c3 14. bxc3 Nd5 15. Rfc1 Nxe3 16. fxe3 Ba6 17. c4 {[#]} Rfb8 $146 ({Predecessor:} 17... c5 18. Nd3 Rac8 19. Rab1 Rfd8 20. Rb3 Rd6 21. Ra3 f6 22. Ra5 Rdc6 23. e4 e5 {½-½ (36) Firouzja,A (2618)-Abdusattorov,N (2560) Moscow 2019}) 18. Kf2 Rb4 19. Rc3 f6 20. a3 Ra4 21. Nxc6 {White wants to play c5.} Rxc4 22. Rxc4 Bxc4 $11 {[%mdl 4096] Endgame KRB-KRN} 23. Rc1 Bb3 24. Nd4 Bd5 25. Rc7 a6 26. e4 Ba2 $1 27. Nc6 Kf8 28. e5 fxe5 29. Nxe5 Rd8 {[#]} 30. Rf7+ $1 Kg8 {Threatens to win with ...Rd5.} 31. Ra7 h6 32. Rxa6 Rd5 33. Nc6 {Strongly threatening Ne7+.} Rd2 34. Ra8+ Kf7 35. Ke3 Rb2 36. Ne5+ Kf6 37. Nd3 Rb1 38. Rf8+ Ke7 39. Rc8 Rb3 40. a4 Ra3 41. Ra8 Bc4 42. Kd4 Bb5 43. a5 {Hoping for Ke5.} Kd6 {Threatening ...e5+.} 44. h4 (44. Rd8+ $14 Ke7 45. Rg8) 44... e5+ $1 $15 {[%mdl 1024] Black has compensation.} 45. Ke3 {[#]} e4 $1 {[%cal Re4d3][%mdl 576] Pin} 46. Rd8+ (46. Kxe4 Bc6+) 46... Ke7 47. Rd5 (47. Rb8 $11 Bc6 48. Rb6) 47... Bc6 $17 48. Rc5 {[#]} Kd6 ({Of course not} 48... exd3 $6 49. Rxc6 dxe2+ 50. Kxe2 $11) ({Black should play} 48... Ba8 $1 $17 49. Rc7+ Kf6) 49. Rxc6+ $1 $11 {[%mdl 64] Remove Defender} Kxc6 50. Kxe4 Rxa5 {KR-KN} 51. Ne5+ Kc5 52. h5 Ra2 53. e3 Kd6 {And now ...Ra4+ would win.} 54. Nf3 Ke6 55. Kf4 $1 Ra8 56. e4 Rf8+ 57. Ke3 Kf6 58. g4 Ke6 59. Nd4+ Ke5 60. Nf3+ Kf6 61. Kf4 Ke6+ 62. Ke3 Kf6 63. Kf4 g6 64. hxg6 Kxg6+ 65. Kg3 Re8 66. Kf4 Rf8+ 67. Kg3 Kf6 68. Kf4 Ke6+ 69. Kg3 Rf7 70. Nd4+ Kf6 71. Nf3 Ke6 72. Nd4+ $1 {[#]} Ke5 $1 {[%mdl 64] Double Attack} 73. Nf5 Rf6 74. Kh4 Rg6 {[#]} 75. Kh5 $1 {[%mdl 512]} Rg5+ 76. Kxh6 Rxg4 77. Kh5 Rg1 78. Nh4 Kxe4 79. Ng6 Kf5 {( -> ...Rg5+)} 80. Nh4+ Kf6 81. Nf3 Rg3 82. Nh4 $1 Rg5+ 83. Kh6 Rg8 {[%cal Rg8h8]} 84. Kh5 $1 Rg3 85. Kh6 Rg5 86. Nf3 Rg8 {[%cal Rg8h8]} 87. Kh5 Kf5 {[%cal Rg8h8]} 88. Nh4+ Ke5 {Av CentiPawn Loss W=-5/B=-4. Weighted=-6/-4} 1/2-1/2

[Event "CD Meyer Gedenkturnier 2020"]
[Site "Bremen"]
[Date "2020.10.18"]
[Round "9.3"]
[White "Grigorian, Spartak"]
[Black "Kollars, Dmitrij"]
[Result "0-1"]
[WhiteElo "2433"]
[BlackElo "2588"]
[Annotator "TA"]
[PlyCount "156"]
[EventDate "2020.10.10"]
[EventType "swiss"]
[EventCountry "GER"]
[SourceTitle "playchess.com"]
[Source "ChessBase"]
[SourceQuality "1"]

{[%evp 14,155,8,6,16,18,27,21,17,22,0,0,0,0,0,0,21,0,15,-7,0,-13,-11,-52,-4,-42,-38,-46,-16,-16,-9,-45,-16,-16,-16,-16,-16,-18,0,-10,0,-18,0,0,0,-7,-10,-12,0,-58,-16,-21,-16,-18,-21,-16,-16,-43,-25,-36,-36,-60,-43,-42,0,-53,-39,-51,-48,-137,-129,-188,-113,-252,-164,-164,-100,-104,-86,-101,-87,-76,-76,-114,-119,-112,-109,-123,-96,-96,-96,-96,-96,-96,-91,-91,0,-96,-97,-113,-91,-91,-91,-91,0,-113,-87,-113,-113,-113,-113,-245,-154,-187,-174,-187,-176,-258,-258,-258,-258,-498,-411,-29983,-29984,-29984,-29985,-29985,-29982,-29990,-29991,-29993,-29994,-29994,-29995,-29996,-29996,-29996,-29997,-29997,-29998,-29998,-29999,-29999]} 1. Nf3 Nf6 2. c4 e6 3. g3 d5 4. Bg2 d4 5. O-O c5 6. e3 Nc6 7. exd4 cxd4 8. d3 h6 {A13: English Opening: 1...e6.} 9. Bf4 {now scores much better than the old 9.Re1. Played by David Anton Guijarro in July 2020.} Nd7 $5 {[%mdl 4] An interesting side line.} 10. Re1 {[#]} Bb4 $146 {The position is equal.} ({Predecessor:} 10... g5 11. Bc1 Bg7 12. Na3 Nc5 13. Nc2 a5 14. b3 O-O 15. Ba3 Qb6 16. h4 g4 17. Bxc5 Qxc5 {½-½ (48) Gumularz,S (2518)-Huschenbeth,N (2612) Karlsruhe 2020}) 11. Re2 Bc5 12. Na3 O-O 13. Nc2 a5 14. a3 a4 15. Rb1 Re8 16. Qe1 Qb6 17. h3 Bf8 18. Be5 Nc5 19. Qd1 Nxe5 20. Rxe5 Bd6 21. Re2 Nb3 22. Nd2 Bd7 23. Nxb3 axb3 24. Ne1 $1 {[%cal Bc2e1,Be1f3,Bf3d2][%mdl 32]} Ba4 25. Nf3 Qc5 26. Nd2 Qc7 27. Kh2 Rec8 28. Re4 Bc5 29. Re1 Rab8 30. Qe2 Be7 31. Qe5 (31. Rbc1 $11) 31... Qd8 32. Rbc1 Rc5 33. Qe2 Rc7 34. Qe5 Rbc8 35. Ne4 b6 {[%cal Bb7b6,Bb6b5][%mdl 32]} 36. Nd2 b5 37. Red1 Bd6 38. Qe2 Be7 39. Qf1 ({White should play} 39. Qe5 $11) 39... Bg5 $15 40. f4 Bf6 41. cxb5 (41. Qe2 $15) 41... Rc2 $17 ({But not} 41... Bxb5 42. Rxc7 Rxc7 43. Nc4 $15) 42. Kg1 {[#]} (42. h4 $17) 42... Bxb5 (42... e5 $1 $19 43. Bc6 exf4 44. gxf4 Bh4 45. Rxc2 bxc2) 43. Rb1 (43. Nxb3 $17 Rxb2 44. Nc5) 43... Qb6 44. Be4 Be7 (44... Ba6 $19 45. Nf3 Be7) 45. Nxb3 Ba6 46. Nd2 Rxb2 47. Nc4 Bxc4 $1 48. Rxb2 Qxb2 49. dxc4 Qxa3 50. Bd3 g6 51. Ra1 Qc3 52. Rc1 Qd2 {...Qe3+ is the strong threat.} 53. Rd1 Qb4 54. Rb1 Qa3 55. Ra1 $1 {[%cal Ra1a3]} Qc5 56. Qf3 Kg7 57. Qb7 Rc7 58. Qb8 Rc8 59. Qb7 $1 Bd6 $36 {[%mdl 2048] White is under strong pressure. Black converts the advantage convincingly.} 60. Ra8 Rxa8 61. Qxa8 e5 62. Qe4 (62. Qf3 $17) 62... exf4 63. gxf4 f5 64. Qb7+ Bc7 65. Qc8 {[#]} (65. Qf3 {keeps fighting.}) 65... Qe7 $1 $19 {[%cal Re7e3]} 66. Kg2 Bxf4 {Hoping for ...Bc7.} 67. c5 $2 (67. Qa8 {was necessary.}) 67... h5 68. Ba6 (68. Qc6 $19) 68... Qe4+ {Black mates.} 69. Kf1 Qf3+ {[%mdl 64] Double Attack} 70. Ke1 Qc3+ 71. Ke2 {[#]} d3+ $1 72. Kf1 (72. Bxd3 Qd2+) 72... Qc1+ 73. Kg2 Qd2+ 74. Kg1 Qe1+ 75. Kg2 Qe2+ 76. Kg1 Be3+ 77. Kh1 Qf1+ {[%mdl 64] Double Attack} 78. Kh2 Bf4# {Av CentiPawn Loss W=-35/B=-26. Weighted=-49/-30} 0-1

[Event "CD Meyer Gedenkturnier 2020"]
[Site "Bremen"]
[Date "2020.10.18"]
[Round "9.4"]
[White "Fier, Alexandr"]
[Black "Koellner, Ruben Gideon"]
[Result "1/2-1/2"]
[WhiteElo "2562"]
[BlackElo "2337"]
[Annotator "TA"]
[PlyCount "122"]
[EventDate "2020.10.10"]
[EventType "swiss"]
[EventCountry "GER"]
[SourceTitle "playchess.com"]
[Source "ChessBase"]
[SourceQuality "1"]

{[%evp 16,121,10,9,22,0,6,2,3,1,41,6,0,-41,-28,-60,-62,-81,-111,-163,-132,-114,-120,-133,-39,-98,-13,-23,-25,-18,-21,-34,0,0,0,-2,0,0,0,0,20,0,0,0,0,0,0,0,0,0,16,10,16,11,16,16,16,22,39,16,51,0,20,0,92,0,92,92,125,124,99,0,0,4,11,0,0,0,0,0,0,0,0,0,0,0,0,0,0,0,0,0,0,-8,-8,-12,0,-6510,-6429,-6079,-5991,-5085,-2171,-3543,-162,-179,0,0]} 1. c4 d6 2. Nc3 Nf6 3. g3 g6 4. Bg2 Bg7 5. e4 c5 6. Nge2 Nc6 7. O-O O-O 8. a3 Ne8 9. Rb1 a5 {A36: Symmetrical English vs ...g6: 4 Bg2 Bg7.} 10. f4 Nc7 11. d3 Rb8 12. a4 Ne6 {[#]} 13. g4 $146 ({Predecessor:} 13. Be3 Ned4 14. h3 e6 15. Nb5 Nxe2+ 16. Qxe2 Qe7 17. Qf2 e5 18. f5 f6 19. g4 {½-½ (60) Gonda,L (2089)-Svebis,M (2059) Hungary 1999}) 13... Ned4 14. Ng3 e6 15. g5 f6 16. h4 b6 17. gxf6 (17. Nb5 $17) 17... Qxf6 18. Qg4 Bd7 19. h5 Be8 (19... Nb4 $17 20. e5 dxe5 21. fxe5 Qxe5) 20. Bd2 (20. hxg6 $15 Qxg6 21. Qh3) 20... Qf7 (20... gxh5 $17 21. Nxh5 Bxh5 22. Qxh5 Qh6 23. Qxh6 Bxh6) 21. hxg6 $1 $11 Qxg6 22. Qh3 Qh6 23. Nb5 Nxb5 24. axb5 Nd4 25. Rf2 Kh8 26. Rbf1 Rg8 27. Kh2 Bf7 28. Bc3 Qxh3+ 29. Bxh3 Ra8 30. Ne2 Nxe2 31. Bxg7+ Rxg7 32. Rxe2 Bh5 33. Re3 Bg4 34. Rg3 Bxh3 35. Kxh3 Rxg3+ 36. Kxg3 {[%mdl 4096] Endgame KR-KR} Kg7 37. Rh1 a4 38. Ra1 (38. Kg4 $14) 38... Kf6 39. Kf3 Kg6 (39... h5 $11) 40. Ra3 ({Better is} 40. f5+ $16 exf5 41. Rg1+ Kf6 42. Rh1) 40... Kh5 {[#]} (40... Ra7 $11) 41. Ke3 $1 $16 h6 42. Kf3 Ra7 43. Ke3 ({White should try} 43. Ra1 $16) 43... Kg6 44. Ra1 Ra8 45. d4 h5 46. e5 dxe5 47. fxe5 cxd4+ 48. Kxd4 h4 49. b4 Rd8+ 50. Kc3 h3 {White must now prevent ...Rh8.} 51. c5 Kf5 {aiming for ...h2.} 52. cxb6 Kxe5 53. Re1+ Kd6 54. Rh1 Rh8 {Strongly threatening ...Kd7.} 55. Rd1+ Ke7 56. Rh1 $2 {[%mdl 8192]} (56. b7 $11) 56... Kd7 $19 57. Rh2 Kc8 58. Kb2 Kb7 59. Ka3 Kxb6 $2 (59... e5 {Threatens to win with ...e4.} 60. Kxa4 e4) 60. Kxa4 e5 {[#]} 61. Rxh3 $1 {[%mdl 512]} Rxh3 {Av CentiPawn Loss W=615/B=-89. Weighted=834/-75} 1/2-1/2